|
|
|
|
| LEADER |
00964nam a2200277 a 4500 |
| 001 |
27484 |
| 003 |
BD-DhAAL |
| 005 |
20150206113935.0 |
| 008 |
130923s2009 gw a b 001 0 eng |
| 010 |
|
|
|a 2010287506
|
| 020 |
|
|
|a 9783527407828
|
| 040 |
|
|
|a DLC
|c DLC
|d DLC
|d BD-DhAAL
|
| 050 |
0 |
0 |
|a QC174.8
|b .R44 2009
|
| 082 |
|
|
|2 22
|a 530.13
|
| 999 |
|
|
|c 13995
|d 13995
|
| 999 |
|
|
|c 13995
|
| 100 |
1 |
|
|a Reichl, L. E.
|9 3177
|
| 245 |
1 |
2 |
|a A modern course in statistical physics /
|c by Linda E. Reichl.
|
| 250 |
|
|
|a 3rd rev. and updated ed.
|
| 260 |
|
|
|a Weihheim :
|b Wiley,
|c c2009.
|
| 300 |
|
|
|a xvi, 411 p. :
|b ill. ;
|c 24 cm.
|
| 504 |
|
|
|a Includes bibliographical references (p. 397-401) and index.
|
| 541 |
|
|
|e 27484
|
| 650 |
|
0 |
|a Statistical physics.
|9 2516
|
| 942 |
|
|
|2 ddc
|c BK
|
| 952 |
|
|
|0 0
|1 0
|2 ddc
|4 0
|6 530_130000000000000_REI
|7 0
|9 23449
|a BRACUL
|b BRACUL
|c GEN
|d 2013-09-23
|e Trim Education
|g 19590.00
|l 2
|m 7
|o 530.13 REI
|p 3010027484
|r 2024-12-18
|s 2024-11-20
|t 1
|w 2013-09-23
|y BK
|